[Event "Eastern Ontario op U1600"]
[Site "Ottawa CAN"]
[Date "2017.06.23"]
[Round "1"]
[White "Masse-Garneau, Anthony"]
[Black "Ramesh, Sanjay"]
[Result "1/2-1/2"]
[WhiteElo "1310"]
[BlackElo "1040"]
[WhiteFideId "-1"]
[WhiteFideId "-1"]
[PlyCount "56"]
[GameId "2160767908410958"]
[EventDate "2017.06.23"]
[EventType "swiss"]
[EventRounds "5"]
[EventCountry "CAN"]

1. e4 e6 2. d4 d5 3. exd5 exd5 4. Nf3 Nf6 5. Bg5 Nc6 6. Nbd2 Bg4 7. c3 Be7 8. Bd3 O-O 9. O-O h6 10. Bh4 Re8 11. Re1 a6 12. Qc2 Bxf3 13. Nxf3 Nh5 14. Bxe7 Rxe7 15. Qd2 Qd6 16. Rxe7 Nxe7 17. Re1 Re8 18. Ne5 Nf6 19. h3 Nc6 20. Nxc6 Qxc6 21. Rxe8+ Qxe8 22. Qe3 Qxe3 23. fxe3 Kf8 24. Bf5 b6 25. Kf2 Ke7 26. Kf3 Ne8 27. Bd3 a5 28. Kf4 Kf6 1/2-1/2

[Event "Eastern Ontario op U1600"]
[Site "Ottawa CAN"]
[Date "2017.06.24"]
[Round "2"]
[White "Carroll, Billy"]
[Black "Latreille, Etienne"]
[Result "1-0"]
[WhiteElo "1305"]
[BlackElo "1480"]
[WhiteFideId "-1"]
[WhiteFideId "-1"]
[PlyCount "43"]
[GameId "2160767908410959"]
[EventDate "2017.06.23"]
[EventType "swiss"]
[EventRounds "5"]
[EventCountry "CAN"]

1. e4 e6 2. Nc3 Bb4 3. a3 Ba5 4. d4 Bxc3+ 5. bxc3 Ne7 6. Bd3 O-O 7. Nf3 d5 8. e5 c5 9. Bxh7+ Kxh7 10. Ng5+ Kg8 11. Qh5 Re8 12. Qxf7+ Kh8 13. Qh5+ Kg8 14. Qh7+ Kf8 15. Qh8+ Ng8 16. Nh7+ Kf7 17. Ng5+ Kf8 18. Qh5 Nh6 19. Nh7+ Kg8 20. Bxh6 Kh8 21. Bg5 g6 22. Qh6 1-0

[Event "Eastern Ontario op U1600"]
[Site "Ottawa CAN"]
[Date "2017.06.25"]
[Round "5"]
[White "Stopic, Alexander"]
[Black "Masse-Garneau, Anthony"]
[Result "0-1"]
[WhiteElo "1453"]
[BlackElo "1310"]
[WhiteFideId "-1"]
[WhiteFideId "-1"]
[PlyCount "90"]
[GameId "2160767908410960"]
[EventDate "2017.06.23"]
[EventType "swiss"]
[EventRounds "5"]
[EventCountry "CAN"]

1. e4 e5 2. Nf3 Nc6 3. Nc3 Nf6 4. Bb5 Bc5 5. O-O d6 6. d3 h6 7. h3 O-O 8. Be3 Bb6 9. Bxc6 bxc6 10. Qd2 Bxe3 11. Qxe3 Nh5 12. Ne2 f5 13. exf5 Bxf5 14. g4 Nf4 15. Nxf4 exf4 16. Qxf4 Bxd3 17. Qg3 Bxf1 18. Rxf1 Qf6 19. Nh4 Qxb2 20. Ng6 Rf7 21. Qb3 Qxb3 22. cxb3 Kh7 23. Nh4 Re8 24. a4 Rb8 25. Rb1 c5 26. Nf5 g6 27. Ne3 c6 28. Nc4 d5 29. Na5 Rb6 30. Rc1 c4 31. bxc4 dxc4 32. Nxc4 Ra6 33. a5 c5 34. Ne5 Rc7 35. Nc4 Re6 36. Kf1 Kg7 37. f3 Kf6 38. Kf2 h5 39. Rc3 h4 40. Rb3 Rce7 41. Rb2 Re1 42. Rc2 Rh1 43. Ne3 Rd7 44. Kg2 Ra1 45. Rxc5 Rd2# 0-1

[Event "Echelle de Chambly"]
[Site "Chambly CAN"]
[Date "2017.02.08"]
[Round "1"]
[White "Kelly, Patrick"]
[Black "Massicotte, Pascal"]
[Result "1-0"]
[WhiteElo "1303"]
[BlackElo "1303"]
[WhiteFideId "-1"]
[WhiteFideId "-1"]
[PlyCount "97"]
[GameId "2191150455173528"]
[EventDate "2017.02.08"]
[EventType "swiss"]
[EventRounds "9"]
[EventCountry "CAN"]

1. e4 e5 2. Nf3 d6 3. d4 exd4 4. Nxd4 Nf6 5. Nc3 Be7 6. h3 Bd7 7. Bd3 Nc6 8. Nxc6 Bxc6 9. O-O O-O 10. Bg5 h6 11. Bh4 Nd7 12. Bxe7 Qxe7 13. f4 Nc5 14. Nd5 Bxd5 15. exd5 Rfe8 16. Bb5 Qe3+ 17. Kh1 Rf8 18. Rf3 Qe7 19. Qd2 f5 20. Re1 Qf6 21. c3 Ne4 22. Qc2 Qh4 23. Ree3 a6 24. Bd3 Rfe8 25. Bxe4 fxe4 26. Rxe4 Qh5 27. Rfe3 Rxe4 28. Qxe4 Rf8 29. g4 Qf7 30. Qe6 Kh7 31. f5 Qf6 32. Qxf6 gxf6 33. Re7+ Kg8 34. Kg2 Rf7 35. Rxf7 Kxf7 36. Kf3 Kg7 37. a4 a5 38. Kf4 Kf7 39. h4 Kg7 40. g5 fxg5+ 41. hxg5 hxg5+ 42. Kxg5 Kf7 43. f6 c6 44. c4 cxd5 45. cxd5 Kf8 46. Kg6 b6 47. f7 Ke7 48. Kg7 Kd7 49. f8=Q 1-0

[Event "Echelle de Chambly"]
[Site "Chambly CAN"]
[Date "2017.02.15"]
[Round "2"]
[White "Lalumiere, Etienne"]
[Black "Boucher, Antoni"]
[Result "0-1"]
[WhiteElo "1797"]
[BlackElo "1878"]
[WhiteFideId "-1"]
[WhiteFideId "-1"]
[PlyCount "168"]
[GameId "2191150455173529"]
[EventDate "2017.02.08"]
[EventType "swiss"]
[EventRounds "9"]
[EventCountry "CAN"]

1. d4 d5 2. c4 Nc6 3. Nf3 Bg4 4. e3 Nf6 5. Nc3 e6 6. Bd3 Bb4 7. a3 Bxc3+ 8. bxc3 O-O 9. h3 Bh5 10. Qc2 dxc4 11. Bxc4 Bg6 12. Qe2 Re8 13. O-O Bh5 14. e4 e5 15. d5 Na5 16. Ba2 c6 17. c4 Bg6 18. Nd2 Nh5 19. g3 cxd5 20. cxd5 Rc8 21. Bb1 Qb6 22. Kh2 Nf6 23. Bd3 Qd4 24. Rb1 Rc3 25. Bb5 Rec8 26. Bb2 Nxe4 27. Nxe4 Bxe4 28. Rfd1 Rc2 29. Bxd4 Rxe2 30. Bxe2 Bxb1 31. Bxa7 Bc2 32. Re1 f6 33. Bd1 Kf8 34. f4 e4 35. Bg4 Rc3 36. d6 g6 37. Be6 f5 38. Bd4 Rd3 39. Be5 Nc6 40. Rc1 Rd2+ 41. Kg1 Ke8 42. g4 e3 43. Bc3 Rxd6 44. gxf5 Bxf5 45. Bxf5 gxf5 46. Kf1 Rh6 47. Kg2 Ne7 48. Re1 Nd5 49. Be5 Ra6 50. Ra1 b5 51. Kf3 Kf7 52. Bb2 Ra4 53. Be5 Re4 54. Ke2 Nxf4+ 55. Bxf4 Rxf4 56. Kxe3 Rh4 57. Rh1 Ra4 58. h4 Rxa3+ 59. Kf4 Kf6 60. Rc1 Ra4+ 61. Kg3 Rc4 62. Ra1 b4 63. Ra5 Rc1 64. Rb5 Rg1+ 65. Kh2 Rg4 66. Kh3 Rc4 67. Kg3 Kg6 68. Kh3 Rc3+ 69. Kg2 b3 70. Kh2 Kh5 71. Rxf5+ Kxh4 72. Rf4+ Kg5 73. Rb4 Rc2+ 74. Kg3 b2 75. Rb5+ Kf6 76. Kh3 Ke6 77. Kg3 Kd6 78. Kf3 h5 79. Kg3 Kc6 80. Rb8 Kd5 81. Kh4 Kd4 82. Rb3 Kc4 83. Rb8 Kd3 84. Rd8+ Ke2 0-1

[Event "Echelle de Chambly"]
[Site "Chambly CAN"]
[Date "2017.02.15"]
[Round "2"]
[White "Laplante, Germain"]
[Black "Despres, Alain"]
[Result "0-1"]
[WhiteElo "1361"]
[BlackElo "1401"]
[WhiteFideId "-1"]
[WhiteFideId "-1"]
[PlyCount "122"]
[GameId "2191150455173530"]
[EventDate "2017.02.08"]
[EventType "swiss"]
[EventRounds "9"]
[EventCountry "CAN"]

1. d4 d5 2. h3 e6 3. Bf4 Nf6 4. Nf3 c5 5. Bxb8 Rxb8 6. e3 Qb6 7. b3 Bd6 8. Be2 O-O 9. O-O Re8 10. Nbd2 a6 11. c3 Qc7 12. Re1 b5 13. Bf1 Bb7 14. Qb1 h6 15. e4 dxe4 16. dxc5 Qxc5 17. Nd4 Qxc3 18. Nxb5 axb5 19. Bxb5 Red8 20. Nc4 Bc5 21. b4 Qxb4 22. a4 Qxb1 23. Raxb1 Nd5 24. Rbc1 Bb4 25. Re2 Nf4 26. Rec2 Nd3 27. Rb1 Bc5 28. Na5 Bd5 29. Rd1 Bb4 30. Nc6 Bxc6 31. Rxc6 Rd4 32. g3 Rbd8 33. Kg2 Nf4+ 34. gxf4 Rxd1 35. Rc4 Ba5 36. Rxe4 R1d4 37. Kf3 Rxe4 38. Kxe4 f6 39. f5 exf5+ 40. Kxf5 Rd2 41. f4 Rh2 42. Kg4 Bc7 43. f5 h5+ 44. Kxh5 Rxh3+ 45. Kg4 Rg3+ 46. Kh4 Rg5 47. Bd7 Kf8 48. Be6 Ke7 49. Bc8 Kd6 50. Be6 Ke5 51. Bd7 Rxf5 52. Bxf5 Kxf5 53. Kh3 Kf4 54. Kg2 g5 55. Kf2 g4 56. Kg2 Ke3 57. Kg1 f5 58. Kg2 f4 59. Kg1 Ke2 60. Kg2 f3+ 61. Kg1 f2+ 0-1

[Event "Echelle de Chambly"]
[Site "Chambly CAN"]
[Date "2017.02.15"]
[Round "2"]
[White "Kelly, Patrick"]
[Black "Coupal, Gerald"]
[Result "1-0"]
[WhiteElo "1303"]
[BlackElo "1300"]
[WhiteFideId "-1"]
[WhiteFideId "-1"]
[PlyCount "71"]
[GameId "2191150455177627"]
[EventDate "2017.02.08"]
[EventType "swiss"]
[EventRounds "9"]
[EventCountry "CAN"]

1. e4 c5 2. Nf3 e6 3. d4 cxd4 4. Nxd4 Nf6 5. Bd3 Nc6 6. Nxc6 dxc6 7. O-O Bd6 8. Re1 Nd7 9. c4 O-O 10. Nd2 Ne5 11. Bc2 c5 12. b3 b6 13. Bb2 Qc7 14. g3 Bb7 15. f4 Nd7 16. Qg4 g6 17. e5 Qc6 18. Be4 Qc8 19. Bxb7 Qxb7 20. exd6 f5 21. Qg5 Rae8 22. Rad1 Qc6 23. Nf1 Rf7 24. h4 Qf3 25. Nh2 Qh5 26. Qxh5 gxh5 27. Nf3 h6 28. Ne5 Nxe5 29. Rxe5 Rd7 30. Re2 Kf7 31. Be5 Red8 32. a3 a5 33. Rb2 Ra8 34. b4 axb4 35. axb4 Ra3 36. Kf2 1-0

[Event "Echelle de Chambly"]
[Site "Chambly CAN"]
[Date "2017.02.22"]
[Round "3"]
[White "Laplante, Germain"]
[Black "Kelly, Patrick"]
[Result "1-0"]
[WhiteElo "1361"]
[BlackElo "1303"]
[WhiteFideId "-1"]
[WhiteFideId "-1"]
[PlyCount "83"]
[GameId "2191150455177628"]
[EventDate "2017.02.08"]
[EventType "swiss"]
[EventRounds "9"]
[EventCountry "CAN"]

1. d4 d5 2. h3 Nf6 3. Bf4 e6 4. Nf3 Nbd7 5. e3 Bb4+ 6. c3 Bd6 7. Ne5 O-O 8. Bd3 c5 9. Nxf7 Rxf7 10. Bxd6 cxd4 11. exd4 Nf8 12. Bg3 Ne4 13. Bxe4 dxe4 14. O-O b6 15. Qe2 Bb7 16. Nd2 Qd5 17. f4 exf3 18. Nxf3 a5 19. Rfe1 Ba6 20. Qe5 Qd7 21. Qd6 Qb7 22. Ng5 Rd7 23. Qe5 Rd5 24. Qe3 Re8 25. b3 Qc6 26. c4 Rf5 27. Nf3 Ng6 28. d5 Qb7 29. dxe6 Qc6 30. Nd4 Qc5 31. Nxf5 Qxf5 32. Qxb6 Bc8 33. Qb5 Qf8 34. e7 Rxe7 35. Rxe7 Qxe7 36. Qxa5 Bb7 37. Re1 Qd7 38. Qc7 Qd4+ 39. Bf2 Qb2 40. Qxb7 Qxa2 41. Re8+ Nf8 42. Qd5+ 1-0

[Event "Echelle de Chambly"]
[Site "Chambly CAN"]
[Date "2017.02.22"]
[Round "3"]
[White "Lalumiere, Etienne"]
[Black "Lanthier, Steve"]
[Result "1-0"]
[WhiteElo "1797"]
[BlackElo "1670"]
[WhiteFideId "-1"]
[WhiteFideId "-1"]
[PlyCount "55"]
[GameId "2191150455177629"]
[EventDate "2017.02.08"]
[EventType "swiss"]
[EventRounds "9"]
[EventCountry "CAN"]

1. d4 Nf6 2. Bf4 g6 3. Nc3 Bg7 4. e4 d6 5. Nge2 O-O 6. f3 Nc6 7. g4 e5 8. dxe5 Nxe5 9. Ng3 Be6 10. Be2 Nc4 11. Bxc4 Bxc4 12. Qd2 a6 13. Bh6 b5 14. Bxg7 Kxg7 15. O-O-O Qe7 16. h4 Nd7 17. h5 Rh8 18. h6+ Kf8 19. g5 Rg8 20. f4 b4 21. Nd5 Bxd5 22. exd5 f5 23. Rhe1 Qf7 24. Re6 Re8 25. Rde1 Rb8 26. Ne2 Rb5 27. Nd4 Rxd5 28. Qe3 1-0

[Event "Echelle de Chambly"]
[Site "Chambly CAN"]
[Date "2017.03.08"]
[Round "4"]
[White "De Guise, Ronald"]
[Black "Kelly, Patrick"]
[Result "0-1"]
[WhiteElo "1338"]
[BlackElo "1303"]
[WhiteFideId "-1"]
[WhiteFideId "-1"]
[PlyCount "106"]
[GameId "2191150455177630"]
[EventDate "2017.02.08"]
[EventType "swiss"]
[EventRounds "9"]
[EventCountry "CAN"]

1. e4 e5 2. Bc4 Bc5 3. Nf3 Qe7 4. Nc3 c6 5. O-O Nf6 6. Re1 h6 7. d4 Bd6 8. dxe5 Bxe5 9. Nxe5 Qxe5 10. Be3 O-O 11. Bd4 Qg5 12. Re3 Ne8 13. Rg3 Qh4 14. Rg4 Qe7 15. Bb3 d5 16. Rg3 Be6 17. Qd2 Kh7 18. Qe3 Nd7 19. Bxa7 c5 20. exd5 Rxa7 21. Re1 Qf6 22. dxe6 fxe6 23. Rf3 Qg6 24. Rg3 Qf6 25. f3 Nd6 26. Ne4 Nxe4 27. Qxe4+ Kh8 28. c3 Rf7 29. Bc2 Nf8 30. Rg4 Rxa2 31. Bb3 Rxb2 32. Bc2 Qxc3 33. Re2 Rb4 34. Qd3 Qxd3 35. Bxd3 Rxg4 36. fxg4 Rf4 37. g5 c4 38. Be4 b5 39. g6 Rf6 40. h4 Nxg6 41. h5 Nf4 42. Rb2 Rf8 43. Rxb5 Rc8 44. Bc2 Ne2+ 45. Kf2 Nd4 46. Rb2 Nxc2 47. Rxc2 Kh7 48. Ke3 g6 49. g4 gxh5 50. gxh5 Rc5 51. Kd4 Rxh5 52. Rxc4 Rh4+ 53. Kc5 Rxc4+ 0-1

[Event "Echelle de Chambly"]
[Site "Chambly CAN"]
[Date "2017.03.08"]
[Round "4"]
[White "Tsanaclis, Albert"]
[Black "Lalumiere, Etienne"]
[Result "0-1"]
[WhiteElo "1623"]
[BlackElo "1797"]
[WhiteFideId "-1"]
[WhiteFideId "-1"]
[PlyCount "64"]
[GameId "2191150455181727"]
[EventDate "2017.02.08"]
[EventType "swiss"]
[EventRounds "9"]
[EventCountry "CAN"]

1. e4 d6 2. d4 Nf6 3. Nc3 Nbd7 4. Nf3 e5 5. Bd3 c6 6. O-O Be7 7. Ne2 Qc7 8. Ng3 exd4 9. Nf5 Bf8 10. N3xd4 g6 11. Ng3 Bg7 12. c3 a5 13. Bf4 O-O 14. a4 Re8 15. Qd2 Nc5 16. Rfe1 Nxd3 17. Qxd3 Nd7 18. Rac1 Nc5 19. Qc2 Ne6 20. Be3 Qe7 21. Nf3 h5 22. Nf5 gxf5 23. exf5 Nf8 24. Bg5 Qd7 25. Rxe8 Qxe8 26. Re1 Qd7 27. Re7 Qxf5 28. Qxf5 Bxf5 29. Rxb7 Bc2 30. Be7 d5 31. Ng5 Bxa4 32. Nxf7 Kxf7 0-1

[Event "Echelle de Chambly"]
[Site "Chambly CAN"]
[Date "2017.03.22"]
[Round "5"]
[White "Kelly, Patrick"]
[Black "Comtois, Olivier"]
[Result "0-1"]
[WhiteElo "1303"]
[BlackElo "1508"]
[WhiteFideId "-1"]
[WhiteFideId "-1"]
[PlyCount "114"]
[GameId "2191150455181728"]
[EventDate "2017.02.08"]
[EventType "swiss"]
[EventRounds "9"]
[EventCountry "CAN"]

1. e4 d6 2. d4 Nf6 3. Nc3 g6 4. Nf3 Bg7 5. h3 O-O 6. Bd3 Nbd7 7. O-O c5 8. e5 Ne8 9. Bf4 cxd4 10. Nb1 dxe5 11. Bd2 Nd6 12. Re1 b6 13. Be4 Nxe4 14. Rxe4 Bb7 15. Re1 e4 16. Ng5 Nf6 17. h4 e5 18. Bb4 Re8 19. Nd2 Nd5 20. c3 f5 21. Qb3 h6 22. Ngxe4 fxe4 23. Nxe4 Kh7 24. Nd6 Re7 25. h5 gxh5 26. Nf5 Nxb4 27. Nxe7 Qxe7 28. cxb4 Qg5 29. Qd3+ Kh8 30. Qh3 Rf8 31. Rac1 d3 32. Rc7 d2 33. Rd1 Bf3 34. Rxd2 Qxd2 35. gxf3 Qxb2 36. Qxh5 Qxa2 37. Qg6 Qa1+ 38. Kh2 e4 39. Rf7 Rxf7 40. Qxf7 Qe5+ 41. f4 Qf6 42. Qe8+ Bf8 43. Qxe4 Bd6 44. Qe8+ Kg7 45. Qd7+ Qe7 46. Qg4+ Kf8 47. Qc8+ Qe8 48. Qf5+ Ke7 49. Qh7+ Qf7 50. Qe4+ Kd7 51. Qb7+ Bc7 52. b5 Qxf4+ 53. Kg2 Qg5+ 54. Kh3 Qxb5 55. Qxa7 Qf1+ 56. Kg4 Qg2+ 57. Kf5 Qxf2+ 0-1

[Event "Echelle de Chambly"]
[Site "Chambly CAN"]
[Date "2017.04.19"]
[Round "6"]
[White "Neshev, Nikolay"]
[Black "Kelly, Patrick"]
[Result "1/2-1/2"]
[WhiteElo "1242"]
[BlackElo "1302"]
[WhiteFideId "-1"]
[WhiteFideId "-1"]
[PlyCount "98"]
[GameId "2191150455185825"]
[EventDate "2017.02.08"]
[EventType "swiss"]
[EventRounds "9"]
[EventCountry "CAN"]

1. d4 d5 2. Bf4 Bf5 3. c4 c6 4. Nf3 e6 5. e3 Bb4+ 6. Nbd2 Nd7 7. c5 Ngf6 8. Qb3 a5 9. a3 Bxd2+ 10. Nxd2 Ra7 11. Bd6 Ng8 12. Bd3 Bxd3 13. Qxd3 Ne7 14. O-O O-O 15. b4 Re8 16. b5 b6 17. bxc6 Nxc6 18. cxb6 Nxb6 19. Bc5 Rb7 20. Rab1 Qc7 21. Rfc1 Nd7 22. Rxb7 Qxb7 23. Bd6 Nf6 24. f3 Rd8 25. Rb1 Qd7 26. Bg3 Qa7 27. Nb3 Nh5 28. Bf2 Rb8 29. Qc3 Qa6 30. Nd2 Rxb1+ 31. Nxb1 Qb5 32. Nd2 a4 33. g4 Nf6 34. Qc5 Qb7 35. Bg3 h6 36. h4 Qa6 37. Be1 Qe2 38. Qxc6 Qxe1+ 39. Nf1 Qd1 40. Qc8+ Kh7 41. g5 Nh5 42. Kf2 Qb3 43. Qf8 Qc2+ 44. Kg1 Qg6 45. Qe7 Qf5 46. Nh2 Qb1+ 47. Kg2 Qc2+ 48. Kh3 Qf5+ 49. Kg2 Qc2+ 1/2-1/2

[Event "Echelle de Chambly"]
[Site "Chambly CAN"]
[Date "2017.05.03"]
[Round "8"]
[White "Coupal, Gerald"]
[Black "Kelly, Patrick"]
[Result "0-1"]
[WhiteElo "1277"]
[BlackElo "1303"]
[WhiteFideId "-1"]
[WhiteFideId "-1"]
[PlyCount "102"]
[GameId "2191150455185826"]
[EventDate "2017.02.08"]
[EventType "swiss"]
[EventRounds "9"]
[EventCountry "CAN"]

1. e4 e5 2. Nc3 Nf6 3. g3 d5 4. exd5 Nxd5 5. Bg2 Nxc3 6. bxc3 Bc5 7. Qe2 O-O 8. d3 Nd7 9. Nf3 c6 10. O-O Qc7 11. Ng5 Nf6 12. Ne4 Nxe4 13. Qxe4 Be6 14. Qe2 Rfe8 15. Be3 Bb6 16. Rfe1 Bd5 17. Bxb6 axb6 18. Be4 b5 19. c4 bxc4 20. dxc4 Bxe4 21. Qxe4 Ra4 22. Qe2 f6 23. c3 Qf7 24. Reb1 Rea8 25. Rb4 c5 26. Rxa4 Rxa4 27. Rb1 Qc7 28. Qe4 b6 29. Qd5+ Kf8 30. Rd1 Rxa2 31. Kg2 Ra7 32. Qd6+ Qxd6 33. Rxd6 Rb7 34. Kf3 Ke7 35. Rd5 Ke6 36. Ke3 Rd7 37. Rxd7 Kxd7 38. f4 exf4+ 39. Kxf4 Ke6 40. h4 h5 41. g4 hxg4 42. Kxg4 g6 43. Kf4 g5+ 44. hxg5 fxg5+ 45. Kxg5 Ke5 46. Kg6 Ke4 47. Kf6 Kd3 48. Ke5 Kxc4 49. Kd6 Kxc3 50. Kc6 Kd2 51. Kxb6 c4 0-1

[Event "Echelle de Chambly"]
[Site "Chambly CAN"]
[Date "2017.05.10"]
[Round "9"]
[White "Kelly, Patrick"]
[Black "Lebeau, Samuel"]
[Result "1-0"]
[WhiteElo "1303"]
[BlackElo "1585"]
[WhiteFideId "-1"]
[WhiteFideId "-1"]
[PlyCount "69"]
[GameId "2191150455185827"]
[EventDate "2017.02.08"]
[EventType "swiss"]
[EventRounds "9"]
[EventCountry "CAN"]

1. e4 c6 2. d4 d5 3. Bd3 dxe4 4. Bxe4 Nf6 5. Nc3 Nxe4 6. Nxe4 Bf5 7. Ng3 Bg6 8. h4 h6 9. Nf3 e6 10. Bf4 Nd7 11. O-O Be7 12. h5 Bh7 13. c4 O-O 14. Re1 Nf6 15. Ne5 c5 16. Ng4 Qxd4 17. Nxf6+ Bxf6 18. Qf3 Qxb2 19. a4 b6 20. Rad1 Rad8 21. Ne4 Bxe4 22. Qxe4 Rd4 23. Rxd4 Qxd4 24. Qf3 Qc3 25. Re3 Qxc4 26. Bxh6 Qc1+ 27. Kh2 Be5+ 28. Bf4 Bxf4+ 29. Qxf4 Qd1 30. h6 Rd8 31. Qg5 g6 32. Qf6 Qd6+ 33. Rg3 Qf8 34. h7+ Kxh7 35. Rh3+ 1-0

[Event "Edmonton-ch"]
[Site "Edmonton CAN"]
[Date "2017.01.19"]
[Round "1.3"]
[White "Karmali, Hafiz"]
[Black "Gardner, Robert"]
[Result "0-1"]
[WhiteElo "1959"]
[BlackElo "2288"]
[WhiteFideId "-1"]
[WhiteFideId "-1"]
[PlyCount "62"]
[GameId "2160767908475064"]
[EventDate "2017.01.05"]
[EventType "k.o."]
[EventRounds "4"]
[EventCountry "CAN"]
[SourceTitle "EXT 2022"]
[Source "ChessBase"]
[SourceDate "2021.10.06"]
[SourceVersion "1"]
[SourceVersionDate "2021.10.06"]
[SourceQuality "1"]

1. e4 d6 2. d4 Nf6 3. Nc3 g6 4. Bc4 Bg7 5. Nf3 O-O 6. h3 Nxe4 7. Nxe4 d5 8. Bd3 dxe4 9. Bxe4 c5 10. c3 cxd4 11. cxd4 Nc6 12. Be3 Qa5+ 13. Bd2 Qb6 14. Bc3 Rd8 15. Bxc6 Qxc6 16. Qe2 Be6 17. Ne5 Qxg2 18. O-O-O Qd5 19. b3 Rdc8 20. Kb2 a5 21. Nc4 Qb5 22. Ka1 Bxc4 23. bxc4 Qxc4 24. Qxc4 Rxc4 25. Bb2 Rd8 26. Rhe1 Bxd4 27. Bxd4 Rdxd4 28. Rxd4 Rxd4 29. Rxe7 Rb4 30. a3 Rb3 31. Ka2 a4 0-1

[Event "Edmonton-ch"]
[Site "Edmonton CAN"]
[Date "2017.01.19"]
[Round "1.4"]
[White "Gardner, Robert"]
[Black "Karmali, Hafiz"]
[Result "1-0"]
[WhiteElo "2288"]
[BlackElo "1959"]
[WhiteFideId "-1"]
[WhiteFideId "-1"]
[PlyCount "57"]
[GameId "2160767908475065"]
[EventDate "2017.01.05"]
[EventType "k.o."]
[EventRounds "4"]
[EventCountry "CAN"]
[SourceTitle "EXT 2022"]
[Source "ChessBase"]
[SourceDate "2021.10.06"]
[SourceVersion "1"]
[SourceVersionDate "2021.10.06"]
[SourceQuality "1"]

1. d4 Nf6 2. c4 e5 3. dxe5 Ng4 4. Nf3 Bc5 5. e3 Nc6 6. a3 a5 7. Nc3 Ncxe5 8. Nxe5 Nxe5 9. f4 Ng6 10. Bd3 Ra6 11. Ne4 Ba7 12. O-O O-O 13. c5 b5 14. Bxb5 Re6 15. Ng5 Ree8 16. b4 c6 17. Bc4 d5 18. cxd6 Bxe3+ 19. Bxe3 Rxe3 20. Qh5 h6 21. Nxf7 Rxf7 22. Qxg6 Qf6 23. Qxf7+ Qxf7 24. Bxf7+ Kxf7 25. Rfe1 Re6 26. Rad1 Ke8 27. Rxe6+ Bxe6 28. bxa5 Kd7 29. a6 1-0

[Event "Edmonton-ch"]
[Site "Edmonton CAN"]
[Date "2017.01.19"]
[Round "2.1"]
[White "Grumic, Sasha"]
[Black "Gardner, Robert"]
[Result "1-0"]
[WhiteElo "2227"]
[BlackElo "2288"]
[WhiteFideId "-1"]
[WhiteFideId "-1"]
[PlyCount "103"]
[GameId "2160767908475066"]
[EventDate "2017.01.05"]
[EventType "k.o."]
[EventRounds "4"]
[EventCountry "CAN"]
[SourceTitle "EXT 2022"]
[Source "ChessBase"]
[SourceDate "2021.10.06"]
[SourceVersion "1"]
[SourceVersionDate "2021.10.06"]
[SourceQuality "1"]

1. g3 g6 2. Bg2 Bg7 3. c4 e5 4. Nc3 Nc6 5. e3 d6 6. Nf3 Be6 7. b3 h6 8. d4 exd4 9. Nxd4 Nxd4 10. exd4 c6 11. O-O Ne7 12. Ne4 O-O 13. Bf4 Nf5 14. d5 cxd5 15. cxd5 Bc8 16. Rc1 g5 17. Bd2 Re8 18. Bc3 f6 19. Re1 Rf8 20. Qd3 a5 21. a4 Ne7 22. Nd2 Bf5 23. Qb5 b6 24. Bd4 Rb8 25. Nc4 Nc8 26. Ne3 Bd7 27. Qd3 Ne7 28. Nc4 Nc8 29. Na3 Ne7 30. Nc4 Nc8 31. Qc3 Re8 32. f4 Rxe1+ 33. Rxe1 gxf4 34. gxf4 Bf5 35. Re3 Rb7 36. Rg3 Kh8 37. Ne3 Bh7 38. f5 Rc7 39. Qb2 Rf7 40. Bf3 Qd7 41. Bh5 Rf8 42. Qg2 Rg8 43. Qh3 Qe7 44. Qh4 Rf8 45. Kf2 Qc7 46. Be2 Ne7 47. Qf4 Rf7 48. Rg1 Rf8 49. Bd3 Bg8 50. Be4 Bf7 51. Bxf6 Nxf5 52. Bxg7+ 1-0

[Event "Edmonton-ch"]
[Site "Edmonton CAN"]
[Date "2017.01.19"]
[Round "2.1"]
[White "Kalisvaart, Peter"]
[Black "Valencia, Belsar"]
[Result "0-1"]
[WhiteElo "2090"]
[BlackElo "2366"]
[WhiteFideId "-1"]
[WhiteFideId "-1"]
[PlyCount "122"]
[GameId "2160767908475067"]
[EventDate "2017.01.05"]
[EventType "k.o."]
[EventRounds "4"]
[EventCountry "CAN"]
[SourceTitle "EXT 2022"]
[Source "ChessBase"]
[SourceDate "2021.10.06"]
[SourceVersion "1"]
[SourceVersionDate "2021.10.06"]
[SourceQuality "1"]

1. d4 Nf6 2. Bg5 c5 3. Nc3 d5 4. Bxf6 gxf6 5. e3 e6 6. Bb5+ Bd7 7. Bxd7+ Nxd7 8. Nge2 f5 9. Qd2 Nf6 10. O-O Rc8 11. f3 a6 12. dxc5 Bxc5 13. Kh1 h5 14. Rad1 Qc7 15. e4 dxe4 16. fxe4 Ng4 17. Qf4 Qxf4 18. Nxf4 Nf2+ 19. Rxf2 Bxf2 20. exf5 Be3 21. Nfe2 Rd8 22. fxe6 fxe6 23. g3 Rf8 24. Rxd8+ Kxd8 25. Ne4 Ke7 26. Kg2 b5 27. h3 e5 28. g4 hxg4 29. hxg4 Ke6 30. a3 a5 31. N2c3 b4 32. axb4 axb4 33. Nd1 Kd5 34. Ng3 Bf4 35. Nf5 Rh8 36. Kf3 Rh3+ 37. Ke2 Rh2+ 38. Kf3 Rd2 39. Nfe3+ Bxe3 40. Nxe3+ Ke6 41. b3 Rd4 42. g5 Rf4+ 43. Kg3 Rf8 44. Kg4 Rf4+ 45. Kg3 Rd4 46. Kf3 Rh4 47. Kg3 Rh1 48. Kg4 Rg1+ 49. Kh5 Rg3 50. Nf1 Rc3 51. Kh6 Rxc2 52. g6 Rg2 53. Ne3 Rh2+ 54. Kg5 Rh3 55. g7 Kf7 56. Ng4 Kxg7 57. Nxe5 Rxb3 58. Kf5 Rb1 59. Nd3 b3 60. Ke4 b2 61. Kd4 Rd1 0-1

[Event "Edmonton-ch"]
[Site "Edmonton CAN"]
[Date "2017.01.19"]
[Round "2.1"]
[White "Reeve, Jeff"]
[Black "Briones, Dante"]
[Result "1-0"]
[WhiteElo "2310"]
[BlackElo "2004"]
[WhiteFideId "-1"]
[WhiteFideId "-1"]
[PlyCount "55"]
[GameId "2160767908475068"]
[EventDate "2017.01.05"]
[EventType "k.o."]
[EventRounds "4"]
[EventCountry "CAN"]
[SourceTitle "EXT 2022"]
[Source "ChessBase"]
[SourceDate "2021.10.06"]
[SourceVersion "1"]
[SourceVersionDate "2021.10.06"]
[SourceQuality "1"]

1. e4 d5 2. exd5 Nf6 3. Nf3 Nxd5 4. d4 Bg4 5. Be2 e6 6. O-O Nc6 7. c4 Nf6 8. Be3 h6 9. Nc3 Be7 10. Qd2 Bf5 11. d5 exd5 12. cxd5 Nb8 13. Rfd1 a6 14. Rac1 O-O 15. Nd4 Bh7 16. Bd3 Bxd3 17. Qxd3 Nxd5 18. Nf5 Nxe3 19. Qxe3 Bd6 20. Ne4 Nc6 21. Nxh6+ gxh6 22. Qxh6 f5 23. Qg6+ Kh8 24. Ng5 Qe7 25. Rc3 Qg7 26. Rh3+ Kg8 27. Qe6+ Rf7 28. Nxf7 1-0

[Event "Edmonton-ch"]
[Site "Edmonton CAN"]
[Date "2017.01.19"]
[Round "2.1"]
[White "Zeggelaar, Mike"]
[Black "Miller, David"]
[Result "0-1"]
[WhiteElo "1960"]
[BlackElo "2231"]
[WhiteFideId "-1"]
[WhiteFideId "-1"]
[PlyCount "124"]
[GameId "2160767908475069"]
[EventDate "2017.01.05"]
[EventType "k.o."]
[EventRounds "4"]
[EventCountry "CAN"]
[SourceTitle "EXT 2022"]
[Source "ChessBase"]
[SourceDate "2021.10.06"]
[SourceVersion "1"]
[SourceVersionDate "2021.10.06"]
[SourceQuality "1"]

1. e4 c5 2. Nf3 d6 3. d4 cxd4 4. Nxd4 Nf6 5. Nc3 a6 6. a3 e5 7. Nf3 Qc7 8. Be2 h6 9. O-O Be6 10. Be3 Nbd7 11. Qd2 Ng4 12. Nd5 Bxd5 13. Qxd5 Nxe3 14. fxe3 Nf6 15. Qb3 Rc8 16. Nd2 Be7 17. Bg4 Rb8 18. Bh3 O-O 19. Qd3 b5 20. Rf2 Qc6 21. Raf1 d5 22. exd5 Qxd5 23. Rf5 Rbd8 24. Qxd5 Rxd5 25. Nf3 e4 26. Nd4 Rxf5 27. Nxf5 Bc5 28. Nxh6+ gxh6 29. Rxf6 Bxe3+ 30. Kf1 Ra8 31. Bf5 Bg5 32. Bxe4 Re8 33. Bc6 Rc8 34. Bd7 Rxc2 35. Rxa6 Rxb2 36. Rb6 Be3 37. Rxb5 Rf2+ 38. Ke1 Rxg2 39. h3 Rd2 40. Bg4 Ra2 41. Rb8+ Kg7 42. Ra8 Kg6 43. a4 f5 44. Be2 Kg5 45. Bf1 Kf4 46. Be2 Kg3 47. Rf8 f4 48. Rg8+ Kxh3 49. Bf1+ Kh2 50. Be2 Ra1+ 51. Bd1 f3 52. Rf8 Kg2 53. Rg8+ Bg5 54. Rf8 Bh4+ 55. Kd2 f2 56. Bf3+ Kg1 57. Be2 Rxa4 58. Rg8+ Bg5+ 59. Kd3 Ra2 60. Rf8 Rd2+ 61. Ke4 Rxe2+ 62. Kf3 f1=Q+ 0-1